[Event "36th Zalakaros Open 2017"]
[Site "Zalakaros HUN"]
[Date "2017.05.24"]
[Round "7.36"]
[White "Rajdeep,Sarkar"]
[Black "Juhasz,A"]
[Result "1-0"]
[WhiteElo "2312"]
[BlackElo "2410"]

1.d4 d5 2.Nf3 Nf6 3.c4 dxc4 4.Qa4+ c6 5.Qxc4 Bg4 6.Nbd2 e6 7.g3 Nbd7 8.Bg2 Be7
9.O-O O-O 10.b3 Rc8 11.Bb2 b5 12.Qc3 Qb6 13.Rac1 h6 14.Qd3 Rfd8 15.Qb1 Bf5
16.Qa1 Bh7 17.Rfd1 a6 18.a3 a5 19.h3 Bf8 20.Nf1 Be4 21.Ne3 Nd5 22.Ng4 c5
23.Nge5 Nxe5 24.Nxe5 Bxg2 25.Kxg2 cxd4 26.Bxd4 Qb7 27.Kh2 Ne7 28.Rxc8 Rxc8
29.Bc3 b4 30.axb4 axb4 31.Be1 Qe4 32.e3 Nf5 33.Nc4 Ra8 34.Qb1 Qxb1 35.Rxb1 Ra2
36.Rd1 f6 37.Kg1 Bc5 38.Rd8+ Kf7 39.Kf1 Ra1 40.Ke2 Rb1 41.Rc8 Be7 42.Nd2 Ra1
43.Rc7 Kf8 44.Rb7 Ra2 45.Kd3 Ra1 46.Nf3 Ra3 47.Rxb4 Kf7 48.Rb8 Ra1 49.e4 Nd6
50.e5 Ne8 51.Rb7 Kf8 52.Bc3 Rd1+ 53.Ke2 Rc1 54.Kd2 Rf1 55.Nd4 fxe5 56.Nxe6+
Kf7 57.Bb4 Kxe6 58.Rxe7+ Kd5 59.Rxe8 Rxf2+ 60.Ke3 Rb2 61.Rxe5+ Kc6 62.Rc5+ Kb6
63.Rc3 Kb5 64.Bf8 {#r} 1-0

[Event "Bodensee Open 2017"]
[Site "Bregenz AUT"]
[Date "2017.05.28"]
[Round "9.15"]
[White "Bezler,R"]
[Black "Prakken,G"]
[Result "0-1"]
[WhiteElo "2231"]
[BlackElo "2167"]

1.d4 d5 2.c4 dxc4 3.Nf3 Nf6 4.g3 Nc6 5.Bg2 e5 6.O-O exd4 7.Qa4 Nd7 8.Qxc4 Nb6
9.Qc2 Be7 10.a3 O-O 11.Nbd2 Be6 12.Nb3 Qd7 13.Rd1 Bf5 14.Qd2 Nc4 15.Qf4 Bc2
16.Rxd4 Nxd4 17.Nbxd4 Bg6 18.b3 Bd6 {#R} 0-1

[Event "chess.com Speed 1m+1spm 2017"]
[Site "chess.com INT"]
[Date "2017.05.24"]
[Round "1.26"]
[White "Karjakin,Sergey"]
[Black "Meier,Geo"]
[Result "0-1"]
[WhiteElo "2783"]
[BlackElo "2630"]

1.c4 Nf6 2.Nc3 e6 3.Nf3 d5 4.d4 dxc4 5.e4 Bb4 6.Bxc4 Nxe4 7.O-O Nxc3 8.bxc3
Be7 9.Ne5 O-O 10.Re1 Nc6 11.Qg4 Bf6 12.Ba3 Ne7 13.Rad1 Kh8 14.Qh5 Qe8 15.Ng4
Ng8 16.Bxf8 Qxf8 17.Nxf6 Nxf6 18.Qf3 Rb8 19.Bb5 a6 20.Bd3 b5 21.Qg3 Qd6 22.Re5
Kg8 23.Rc5 Ne8 24.Rb1 Bd7 25.a4 h6 26.axb5 axb5 27.h4 Kf8 28.Rb4 Qxg3 29.fxg3
c6 30.Be4 Rb6 31.c4 Ke7 32.cxb5 cxb5 33.Bd3 Kd8 34.g4 Nd6 35.g5 hxg5 36.Rxg5
g6 37.g4 Ke7 38.h5 Kf6 39.Rc5 gxh5 40.gxh5 Kg7 41.Rb2 Kh6 42.Rg2 Rb7 43.Rg8
Ra7 44.Rh8+ Kg7 45.Rd8 Kh6 46.Kf2 Rb7 47.Bb1 b4 48.Rc1 Nf5 49.Rg1 Kh7 50.d5 b3
51.dxe6 Bxe6 52.Rg5 Rb5 {#R} 0-1

[Event "26th Chicago Open 2017"]
[Site "Chicago USA"]
[Date "2017.05.25"]
[Round "1.1"]
[White "Rizzitano,J"]
[Black "Nyzhnyk,I"]
[Result "0-1"]
[WhiteElo "2296"]
[BlackElo "2610"]
[EventType "swiss"]

1.d4 d5 2.c4 dxc4 3.e3 Nf6 4.Bxc4 e6 5.Nf3 a6 6.O-O c5 7.Qe2 cxd4 8.Rd1 Nc6
9.Nxd4 Nxd4 10.Rxd4 Qc7 11.Nc3 b5 12.Bb3 Bb7 13.Rd1 Bd6 14.h3 b4 15.Nb1 O-O
16.Nd2 a5 17.Bc4 Rfd8 18.Bd3 Rd7 19.Bb5 Bh2+ 20.Kh1 Rd5 21.Nf3 Rxd1+ 22.Qxd1
Rd8 23.Qe1 Be5 24.Be2 Bxf3 25.Bxf3 Qc2 26.a3 Ne4 27.axb4 Nxf2+ 28.Kg1 Bg3
29.Kf1 Nh1 30.Qe2 Rd1+ {#R} 0-1

[Event "36th Zalakaros Open 2017"]
[Site "Zalakaros HUN"]
[Date "2017.05.25"]
[Round "8.18"]
[White "Studer,N"]
[Black "Ikeda,J"]
[Result "1-0"]
[WhiteElo "2498"]
[BlackElo "2412"]

1.d4 d5 2.c4 e6 3.Nf3 c6 4.Nbd2 f5 5.g3 Nf6 6.Bg2 Nbd7 7.Ng5 Qe7 8.O-O h6
9.Ngf3 g5 10.Rb1 a5 11.Qa4 Ne4 12.Nxe4 fxe4 13.Nd2 Bg7 14.e3 g4 15.b4 b5
16.cxb5 cxb5 17.Qxb5 O-O 18.Qa4 Rf7 19.Qc6 Rb8 20.bxa5 Qd8 21.Nb3 Rf6 22.Ba3
Bb7 23.Qb5 Bc8 24.Qe2 h5 25.Rfc1 e5 26.Qc2 Ba6 27.Nc5 Nxc5 28.Rxb8 Qxb8
29.Qxc5 Bc4 30.Bxe4 Qd8 31.Qe7 Qxe7 32.Bxe7 Ra6 33.Bd8 exd4 34.exd4 Bxd4
35.Bg2 Re6 36.Bf1 Bxa2 37.a6 Re8 38.Bg5 Kf7 39.a7 Kg6 40.Be3 Be5 41.Rc6+ Kg7
42.Ra6 {#r} 1-0

[Event "36th Zalakaros Open 2017"]
[Site "Zalakaros HUN"]
[Date "2017.05.25"]
[Round "8.20"]
[White "Kantor,G"]
[Black "Manea,Al"]
[Result "1-0"]
[WhiteElo "2481"]
[BlackElo "2410"]

1.d4 d5 2.c4 c6 3.Nf3 e6 4.g3 Nf6 5.Bg2 Bd6 6.O-O Nbd7 7.Nc3 O-O 8.Nd2 Be7
9.e4 dxe4 10.Ndxe4 Nxe4 11.Nxe4 e5 12.d5 f5 13.d6 fxe4 14.dxe7 Qxe7 15.Bxe4
Nc5 16.Bg2 Bf5 17.Be3 e4 18.Qe2 Nd3 19.Bd4 Rae8 20.b3 Qe6 21.Qe3 Bh3 22.f4 b6
23.Rad1 c5 24.Bc3 Bf5 25.Rd2 Kh8 26.Rfd1 Rf7 27.Bf1 Rd7 28.Be2 Kg8 29.h4 g6
30.h5 Kf7 31.Kh2 Ree7 32.Rg1 Bg4 33.f5 gxf5 34.Bxg4 fxg4 35.Rf1+ Ke8 36.Rf6
Qg8 37.Re2 Kd8 38.Qh6 Kc7 39.Rf8 Qe6 40.Rf6 Qg8 41.a4 Kb7 42.a5 Qd8 43.Qg5 Qe8
44.Qxg4 Nc1 45.Rc2 Nxb3 46.axb6 a6 47.Rcf2 Rg7 48.Qf5 Nd4 49.Qxc5 e3 50.Bxd4
exf2 51.Qc6+ Kb8 52.Be5+ {#r} 1-0

[Event "26th Chicago Open 2017"]
[Site "Chicago USA"]
[Date "2017.05.25"]
[Round "1.30"]
[White "Mulyar,M"]
[Black "Lin,Andy"]
[Result "1-0"]
[WhiteElo "2407"]
[BlackElo "2147"]
[EventType "swiss"]

1.d4 d5 2.c4 e6 3.Nf3 c6 4.g3 dxc4 5.Bg2 b5 6.O-O Bb7 7.a4 Qb6 8.Be3 Nf6 9.d5
c5 10.dxe6 Qxe6 11.axb5 Be7 12.Na3 Nbd7 13.Ng5 Qb6 14.Nxc4 Qxb5 15.Qd3 Bxg2
16.Nd6+ Bxd6 17.Qxb5 Bxf1 18.Rd1 Rb8 19.Qc4 Ne5 20.Qa4+ Ke7 21.Kxf1 Rxb2
22.Qxa7+ Nfd7 23.Ne4 {#r} 1-0

[Event "26th Chicago Open 2017"]
[Site "Chicago USA"]
[Date "2017.05.26"]
[Round "2.5"]
[White "Sevian,Samuel"]
[Black "Gauri,S"]
[Result "1-0"]
[WhiteElo "2585"]
[BlackElo "2354"]
[EventType "swiss"]

1.d4 d5 2.c4 e6 3.Nf3 Nf6 4.g3 Be7 5.Bg2 c6 6.O-O b6 7.Qc2 Bb7 8.b3 O-O 9.Rd1
a5 10.Nc3 Na6 11.Ne5 Nd7 12.Nxd7 Qxd7 13.e4 Rac8 14.Bf4 Ba8 15.Qe2 Qa7 16.Rac1
Bb4 17.h4 Rfe8 18.h5 Bf8 19.h6 g6 20.Qf1 Nc7 21.Rc2 Na6 22.Rdc1 Nb4 23.Rd2
Red8 24.Bg5 dxc4 25.bxc4 e5 26.Bh3 Rb8 27.dxe5 Rxd2 28.Bxd2 Re8 29.Rd1 Rxe5
30.Bf4 Re8 31.Rd7 Qa6 32.e5 c5 33.Nb5 Re7 34.e6 Rxd7 35.exd7 Qb7 36.Bg2 Qxd7
37.Bxa8 Nxa2 38.Qa1 Nb4 39.Qf6 Nd3 40.Bd6 Qe6 41.Qd8 Qe1+ 42.Kh2 Qxf2+ 43.Bg2
{#r} 1-0

[Event "chess.com Speed 5m+2spm 2017"]
[Site "chess.com INT"]
[Date "2017.05.25"]
[Round "1.4"]
[White "Giri,A"]
[Black "So,W"]
[Result "0-1"]
[WhiteElo "2785"]
[BlackElo "2815"]

1.c4 e6 2.Nc3 d5 3.d4 Be7 4.cxd5 exd5 5.Bf4 c6 6.e3 Bf5 7.g4 Be6 8.h4 Bxh4
9.Qb3 g5 10.Be5 f6 11.Bh2 Bxg4 12.Qxb7 Qe7 13.Qxe7+ Nxe7 14.Be2 Bxe2 15.Kxe2
Nd7 16.Nf3 Nf5 17.Rac1 Nb6 18.e4 dxe4 19.Nxe4 Kf7 20.Rxc6 Nd5 21.Rc5 Rad8
22.Nxh4 Nxh4 23.Nd6+ Ke6 24.Nb5 Rd7 25.Re1 Rhd8 26.Nc7+ Kf7 27.Nxd5 Rxd5
28.Rc7+ R8d7 29.Rxd7+ Rxd7 30.Rd1 Ke6 31.Kd3 Nf3 32.Bb8 Rxd4+ 33.Ke2 Rxd1
34.Kxd1 a6 35.Ke2 Nd4+ 36.Ke3 Nc6 37.Bh2 Kd5 38.f4 g4 39.f5 h5 40.Bc7 h4
41.Kf4 g3 42.Bb6 Nd4 43.Ke3 Nxf5+ 44.Kf3 h3 45.b3 h2 46.Kg2 Nh4+ 47.Kh1 Ke4
{#R} 0-1

[Event "36th Zalakaros Open 2017"]
[Site "Zalakaros HUN"]
[Date "2017.05.23"]
[Round "6.14"]
[White "Kovalenko,I"]
[Black "Ikeda,J"]
[Result "1-0"]
[WhiteElo "2657"]
[BlackElo "2412"]

1.c4 e6 2.Nc3 d5 3.d4 c6 4.e4 Bb4 5.exd5 exd5 6.Nf3 Nf6 7.Bd3 O-O 8.O-O h6
9.h3 dxc4 10.Bxc4 Nbd7 11.Bb3 Nb6 12.Qd3 Re8 13.Bxh6 Be6 14.Bxe6 Rxe6 15.Bg5
Bxc3 16.bxc3 Qd5 17.Bxf6 Rxf6 18.Rfe1 Qb5 19.Rad1 Qxd3 20.Rxd3 Re6 21.Rxe6
fxe6 22.Ng5 Re8 23.f4 Nd5 24.g3 b5 25.Kf2 Kf8 26.Ke2 Ke7 27.Rf3 Rb8 28.Ne4 a5
29.Kd2 Rh8 30.h4 Rd8 31.Kd3 Rb8 32.Rf1 g6 33.Re1 Nc7 34.Nc5 a4 35.Re5 {#r} 1-0

[Event "36th Zalakaros Open 2017"]
[Site "Zalakaros HUN"]
[Date "2017.05.25"]
[Round "8.17"]
[White "Aczel,G"]
[Black "Plenca,Jadranko"]
[Result "1-0"]
[WhiteElo "2546"]
[BlackElo "2446"]

1.d4 d5 2.c4 e6 3.Nc3 Be7 4.cxd5 exd5 5.Bf4 c6 6.e3 Bf5 7.g4 Be6 8.h4 Nd7 9.g5
h6 10.g6 Ngf6 11.gxf7+ Bxf7 12.Bd3 O-O 13.Qf3 Nh5 14.Nge2 Nxf4 15.Nxf4 Bd6
16.Rg1 Qf6 17.Nce2 c5 18.Qg4 Rad8 19.O-O-O cxd4 20.exd4 Kh8 21.Kb1 a5 22.Rg3
Rde8 23.Rf3 Bxf4 24.Nxf4 Be6 25.Qg6 Bg8 26.Rg1 Re4 27.Qg4 Bf7 28.Bxe4 dxe4
29.Ne6 exf3 30.Nxf8 Nxf8 31.Ka1 Ne6 32.d5 Nf4 33.d6 Nd3 34.Qxg7+ {#r} 1-0

[Event "10th KIIT Elite Open 2017"]
[Site "Bhubaneswar IND"]
[Date "2017.05.27"]
[Round "3.5"]
[White "Singh,SV"]
[Black "Nguyen Duc Hoa"]
[Result "1-0"]
[WhiteElo "2213"]
[BlackElo "2481"]

1.d4 d5 2.c4 e6 3.Nc3 c6 4.e4 dxe4 5.Nxe4 Bb4+ 6.Bd2 Qxd4 7.Bxb4 Qxe4+ 8.Be2
Na6 9.Bd6 e5 10.Nf3 Bg4 11.O-O f6 12.Re1 Nh6 13.c5 Qd5 14.Qc2 Bxf3 15.Bxf3 Qe6
16.Qa4 O-O-O 17.Be2 Nc7 18.Bc4 Qg4 19.h3 Qf4 20.Rad1 a6 21.Bxc7 Rxd1 22.Rxd1
Kxc7 23.Qa5+ Kb8 24.Bxa6 Qf5 25.Bxb7 Qc2 26.Rd2 Qc1+ 27.Kh2 {#r} 1-0

[Event "TCh-UKR 2017"]
[Site "Chornomorsk UKR"]
[Date "2017.05.23"]
[Round "8.3"]
[White "Yelisieiev,Yevhenii"]
[Black "Dedkov,E"]
[Result "1-0"]
[WhiteElo "2320"]
[BlackElo "2093"]
[EventType "team-swiss"]

1.d4 d5 2.c4 e6 3.Nc3 c6 4.Nf3 dxc4 5.a4 Bb4 6.e3 Nf6 7.Bxc4 O-O 8.O-O Nbd7
9.Qe2 Qe7 10.e4 e5 11.d5 cxd5 12.exd5 Re8 13.Rd1 Nb6 14.Bb3 Bg4 15.Ne4 Nxe4
16.Qxe4 Bh5 17.d6 Bxd6 18.Ng5 Bg6 19.Bxf7+ Bxf7 20.Qxh7+ Kf8 21.Qh8+ Bg8
22.Ne4 Red8 23.Rd3 Qe6 24.Rf3+ Ke8 25.Qxg7 Be7 26.Bg5 Rd4 27.Nf6+ Kd8 28.Nxg8
{#r} 1-0

[Event "26th Guillermo Garcia Elite"]
[Site "Santa Clara CUB"]
[Date "2017.05.24"]
[Round "8.1"]
[White "Krutti,V"]
[Black "Juarez Flores,C"]
[Result "0-1"]
[WhiteElo "2359"]
[BlackElo "2398"]

1.d4 d5 2.c4 e6 3.Nf3 c5 4.cxd5 exd5 5.g3 Nc6 6.Bg2 Nf6 7.O-O Be7 8.Nc3 O-O
9.dxc5 Bxc5 10.Na4 Be7 11.Be3 Ne4 12.Rc1 Re8 13.Nd4 Bd7 14.a3 Ne5 15.Nc3 Nxc3
16.Rxc3 Be6 17.Qb3 Bf6 18.Rd1 Qd7 19.Nxe6 fxe6 20.Bd4 Nc6 21.Bxf6 gxf6 22.Qa4
Rac8 23.Qf4 Qe7 24.Rdc1 Kg7 25.b4 a6 26.Rc5 Rcd8 27.a4 Ne5 28.Qd4 Rd7 29.f4
Nc4 30.f5 e5 31.Qc3 e4 32.Rd1 Red8 33.e3 a5 34.Qd4 axb4 35.Rb5 Na3 36.Rb6 Nc2
{#R} 0-1

[Event "4th Gligoric Cup 2017"]
[Site "Novi Banovci SRB"]
[Date "2017.05.27"]
[Round "4.8"]
[White "Kovacevic,Si"]
[Black "Grcic,Vukasin"]
[Result "0-1"]
[WhiteElo "2221"]
[BlackElo "2154"]

1.d4 d5 2.Nf3 c5 3.c4 e6 4.cxd5 exd5 5.Nc3 Nc6 6.g3 Nf6 7.Bg2 Be7 8.O-O O-O
9.Bg5 Bf5 10.dxc5 d4 11.Bxf6 Bxf6 12.Nb5 Bg6 13.Nd6 Qd7 14.Nd2 Be7 15.N2c4 b5
16.Nxb5 Bxc5 17.Qa4 Rfc8 18.Rac1 Rab8 19.Nba3 Qe6 20.Nd2 Ne7 21.Nb3 Bb6
22.Nxd4 Qxa2 23.Rxc8+ Rxc8 24.Qd7 Rf8 25.Ndb5 Nf5 26.Qd2 Rd8 27.Qc1 h5 28.Nc3
Qb3 29.Be4 Nd4 30.Bxg6 fxg6 31.e3 Nf3+ 32.Kg2 Qf7 33.Rd1 Rf8 34.Qc2 h4 35.Ne4
Kh8 36.Qc4 Qf5 37.Qd5 h3+ 38.Kh1 Ne5 39.f4 Ng4 40.Nd6 Qf6 41.Nac4 Nf2+ 42.Kg1
Nxd1 43.Qxd1 Rd8 44.Qg4 Rxd6 45.Qxh3+ Kg8 46.Nxd6 Qxd6 47.Qc8+ Kf7 48.Qc3 a5
49.Kf2 Qb4 50.Qe5 Qc5 51.Qe4 Qb5 52.Qc2 a4 53.Kf3 Bd8 54.Qc8 Bf6 55.Qc7+ Kg8
{#R} 0-1

[Event "TCh-FRA Top 12 2017"]
[Site "Chartres FRA"]
[Date "2017.05.24"]
[Round "7.3"]
[White "Wojtaszek,R"]
[Black "Sokolov,And1"]
[Result "1-0"]
[WhiteElo "2734"]
[BlackElo "2505"]

1.d4 Nf6 2.c4 e6 3.Nc3 d5 4.cxd5 exd5 5.Bg5 c6 6.e3 Be6 7.Bd3 Nbd7 8.h3 g6
9.Nge2 Bg7 10.O-O O-O 11.f4 h6 12.Bh4 Qe8 13.f5 Bxf5 14.Bxf5 gxf5 15.Ng3 Qxe3+
16.Kh1 Rae8 17.Nxf5 Qe6 18.Qd3 Nh7 19.Rae1 Qg6 20.Be7 Bf6 21.Bxf8 Rxe1 22.Rxe1
Nhxf8 23.Re3 Qh5 24.Ne2 Ng6 25.Rf3 Kh7 26.Qe3 {#r} 1-0

[Event "36th Zalakaros Open 2017"]
[Site "Zalakaros HUN"]
[Date "2017.05.23"]
[Round "6.16"]
[White "Farago,I"]
[Black "Vajda,Le"]
[Result "0-1"]
[WhiteElo "2411"]
[BlackElo "2600"]

1.d4 d5 2.c4 e6 3.Nc3 Nf6 4.cxd5 exd5 5.Bg5 c6 6.e3 Be7 7.Bd3 Nbd7 8.Nf3 Nh5
9.Bxe7 Qxe7 10.O-O O-O 11.Qb1 g6 12.b4 a6 13.a4 Nhf6 14.Qb3 Qd6 15.Rfd1 a5
16.b5 c5 17.Qa3 Qb6 18.dxc5 Nxc5 19.Rac1 Nxd3 20.Rxd3 Be6 21.Qe7 Kg7 22.Ne2
Rac8 23.Rdc3 Rfe8 24.Qa3 Ne4 25.Rxc8 Rxc8 26.Rxc8 Bxc8 27.Nc3 Qc5 28.Qxc5 Nxc5
29.Nd4 Bf5 30.Nxf5+ gxf5 31.Kf1 f6 32.Ke2 Kf7 33.Nxd5 Nxa4 34.Kd3 Ke6 35.Kd4
Nb2 36.Nc7+ Kf7 37.Na6 Ke7 38.Nc7 Nd1 39.Nd5+ Ke6 40.Nf4+ Kd6 41.Nd3 a4 42.f3
Kc7 43.e4 fxe4 44.fxe4 a3 45.Nb4 Kd6 46.Na2 h5 47.Nb4 h4 48.h3 Nf2 49.Na2 Nh1
50.Kc4 Ng3 51.Kb4 Nxe4 52.Kxa3 Kc5 53.Nc1 Kxb5 54.Ne2 Kc4 55.Kb2 Ng3 56.Nf4
Kd4 57.Ng6 Nf5 {#R} 0-1

[Event "36th Zalakaros Open 2017"]
[Site "Zalakaros HUN"]
[Date "2017.05.26"]
[Round "9.29"]
[White "Munkhgal,G"]
[Black "Tica,Sven"]
[Result "1-0"]
[WhiteElo "2445"]
[BlackElo "2332"]

1.d4 d5 2.c4 e6 3.Nc3 Nf6 4.Nf3 a6 5.cxd5 exd5 6.Bg5 Be6 7.e3 Nbd7 8.Bd3 Bd6
9.O-O O-O 10.h3 h6 11.Bf4 Qe7 12.Rc1 Rfc8 13.Bb1 Rab8 14.Ne5 c5 15.Bg3 b5
16.f4 Nb6 17.Bh4 b4 18.Ne2 g5 19.fxg5 Nfd7 20.Nf3 Nc4 21.Qd3 Nf8 22.gxh6 f6
23.b3 Na3 24.dxc5 Bxc5 25.Nfd4 Bxd4 26.Nxd4 Nxb1 27.Rxc8 Rxc8 28.Bxf6 Qh7
29.Qxb1 Qxh6 30.Qe1 Qg6 31.Qh4 Nh7 32.Nxe6 Rc6 33.Rf3 Qb1+ 34.Kh2 Rxe6 35.Qg4+
Kf7 36.Bh4+ Nf6 37.Qg5 {#r} 1-0

[Event "10th KIIT Elite Open 2017"]
[Site "Bhubaneswar IND"]
[Date "2017.05.29"]
[Round "5.14"]
[White "Harshavardhan,G B"]
[Black "Rishi,S"]
[Result "1-0"]
[WhiteElo "2157"]
[BlackElo "2390"]

1.d4 Nf6 2.c4 e6 3.Nf3 d5 4.Nc3 Nbd7 5.cxd5 exd5 6.Bg5 c6 7.e3 h6 8.Bh4 g5
9.Bg3 Nh5 10.Bd3 Nxg3 11.hxg3 Bg7 12.Qc2 O-O 13.O-O-O Nb6 14.Ne5 Re8 15.Bh7+
Kf8 16.Bf5 Qd6 17.f4 Bxf5 18.Qxf5 Qe6 19.Qh7 Nd7 20.f5 Qd6 21.Nxd7+ Qxd7
22.Rxh6 Qd8 23.f6 Bxf6 24.Rf1 Bg7 25.Rg6 {#r} 1-0

[Event "Deltalift Open 2017"]
[Site "Tylosand SWE"]
[Date "2017.05.25"]
[Round "2.9"]
[White "Segerberg,T"]
[Black "Sjodahl,P"]
[Result "0-1"]
[WhiteElo "2083"]
[BlackElo "2413"]

1.d4 Nf6 2.c4 e6 3.Nf3 d5 4.cxd5 exd5 5.Nc3 c6 6.Bg5 Be7 7.e3 Bf5 8.Bd3 Bxd3
9.Qxd3 Nbd7 10.O-O O-O 11.Rab1 a5 12.b3 Re8 13.Qc2 Bd6 14.Na4 Qe7 15.Nb2 Qe6
16.Bxf6 Nxf6 17.Nd3 Ne4 18.Nc5 Qe7 19.Rbc1 g6 20.Nxe4 dxe4 21.Nd2 Qh4 22.g3
Qe7 23.Nc4 Bc7 24.Qe2 Qe6 25.Rfd1 Rad8 26.Qf1 Kg7 27.Qg2 Rd5 28.Rc2 h5 29.h4
Qg4 30.Rdc1 Re6 31.Nd2 Bd6 32.Nf1 Ba3 33.Rb1 Qf5 34.Re1 Bb4 35.Ree2 Qf3 36.Qh3
g5 37.Nh2 Qf6 38.hxg5 Qxg5 39.Nf1 Rg6 40.Nd2 Bxd2 41.Rexd2 h4 42.g4 Qh5 43.Rc5
Rxg4+ 44.Kf1 Qf5 45.Qh2 Rxc5 46.dxc5 Qxc5 47.Ke2 Qb5+ 48.Kd1 Qg5 49.Kc2 Rg1
50.Qd6 Qf6 51.Qd7 Qa1 52.Qd4+ Qxd4 53.Rxd4 Rg4 54.f3 Rg2+ 55.Kc3 exf3 56.Rxh4
Rxa2 57.Rf4 f2 {#R} 0-1

[Event "4th Gligoric Cup 2017"]
[Site "Novi Banovci SRB"]
[Date "2017.05.25"]
[Round "1.4"]
[White "Rabrenovic,V"]
[Black "Stanimirovic,M"]
[Result "1-0"]
[WhiteElo "2337"]
[BlackElo "2068"]

1.d4 d5 2.c4 e6 3.Nc3 Nf6 4.cxd5 exd5 5.Bg5 Nbd7 6.e3 Be7 7.Bd3 O-O 8.Qc2 Re8
9.Nf3 c6 10.h3 Nf8 11.O-O Ng6 12.Bxf6 Bxf6 13.b4 a6 14.Rfe1 Qd6 15.a3 a5
16.Rab1 axb4 17.axb4 Bd8 18.e4 dxe4 19.Nxe4 Qf8 20.Neg5 Rxe1+ 21.Rxe1 Bd7
22.Nxf7 Qxb4 23.Bxg6 hxg6 24.Qxg6 Bf6 25.Rb1 Qf8 26.Nh6+ Kh8 27.Rxb7 Ra1+
28.Kh2 Qd6+ 29.Qg3 Qxg3+ 30.Kxg3 Be6 31.Ng4 Ra3 32.Kf4 Bd5 33.Nxf6 gxf6 34.Nh4
Rd3 35.Kf5 Rxd4 36.Kxf6 Bf7 {#r} 1-0

[Event "TCh-FRA Top 12 2017"]
[Site "Chartres FRA"]
[Date "2017.05.23"]
[Round "6.2"]
[White "Battaglini,G"]
[Black "Rambaldi,Francesco"]
[Result "0-1"]
[WhiteElo "2475"]
[BlackElo "2542"]

1.d4 Nf6 2.c4 e6 3.Nc3 d5 4.cxd5 exd5 5.Bg5 Be7 6.e3 c6 7.Bd3 O-O 8.Qc2 Nbd7
9.Nf3 Re8 10.O-O g6 11.h3 Nh5 12.Bh6 Nb6 13.g4 Ng7 14.Ne5 Bd6 15.Bxg7 Kxg7
16.f4 c5 17.Qd2 cxd4 18.exd4 f6 19.Nf3 Bd7 20.b3 Rc8 21.Ne2 Qe7 22.Kg2 Nc4
23.bxc4 dxc4 24.Nc3 cxd3 25.Rae1 Qf7 26.Qxd3 Rxe1 27.Rxe1 Bb4 28.Rc1 Bxc3
29.Rxc3 Qxa2+ 30.Kg3 Rxc3 31.Qxc3 Bc6 32.g5 Qd5 33.gxf6+ Kxf6 34.Ne1 h6 35.Qa3
Kf7 36.Qxa7 Qb3+ 37.Kf2 Qb2+ 38.Ke3 Qc1+ 39.Ke2 Bb5+ 40.Nd3 Qc2+ 41.Ke1 Qxd3
42.Qxb7+ Kf6 43.Qb6+ Kf5 44.Qc5+ Ke4 {#R} 0-1

[Event "ch-Flemish 2017"]
[Site "Ghent BEL"]
[Date "2017.05.27"]
[Round "5.9"]
[White "Van Cappellen,J"]
[Black "Maddens,M"]
[Result "1-0"]
[WhiteElo "2155"]
[BlackElo "2210"]

1.d4 d5 2.c4 e6 3.Nc3 c6 4.cxd5 exd5 5.Qc2 Nf6 6.Bg5 Be7 7.e3 O-O 8.Bd3 h6
9.Bh4 Re8 10.Nge2 Nbd7 11.O-O Nh5 12.Bxe7 Qxe7 13.Rab1 a5 14.a3 Qd6 15.Rfc1
Nhf6 16.Ng3 Nf8 17.b4 axb4 18.axb4 b5 19.Bxb5 cxb5 20.Nxb5 Qb6 21.Nc7 Bb7
22.Nxa8 Rxa8 23.Qc7 Ra6 24.Nf5 Ne6 25.Qb8+ Kh7 26.b5 Ra2 27.Rc8 Nd7 28.Rh8+
Kg6 29.Ne7+ Kf6 30.Ng8+ Kf5 31.Qe8 Nf6 32.Qxf7 Nxd4 33.Ne7+ Ke5 34.exd4+ Qxd4
35.Re1+ Ne4 36.Ng6+ Kd6 37.Qe7# 1-0

[Event "Bodensee Open 2017"]
[Site "Bregenz AUT"]
[Date "2017.05.25"]
[Round "6.1"]
[White "Schlosser,P"]
[Black "Schaefer,Mi1"]
[Result "1-0"]
[WhiteElo "2501"]
[BlackElo "2222"]

1.Nf3 d5 2.d4 Nf6 3.c4 e6 4.Nc3 Be7 5.g3 O-O 6.Bg2 c6 7.O-O b6 8.Ne5 Bb7 9.e4
a5 10.Re1 Na6 11.Bf4 Rc8 12.Rc1 Bb4 13.exd5 cxd5 14.Bg5 Nb8 15.cxd5 Bxc3
16.bxc3 Bxd5 17.Bxd5 Qxd5 18.Bxf6 gxf6 19.Qg4+ Kh8 20.Qf4 Qd8 21.Ng4 Nd7 22.c4
Rg8 23.d5 e5 24.Qf3 Rg6 25.Ne3 Nc5 26.Rb1 Rb8 27.Rb5 Qc7 28.Reb1 Na4 29.Rc1
Re8 30.Qd1 Nc5 31.d6 Qc6 32.Nf5 Rd8 33.Rcb1 Ne4 34.Ne7 Qa8 35.Nxg6+ hxg6
36.Rxb6 Nc3 37.Qd3 Nxb1 38.Qxb1 Qf3 39.c5 Kg7 40.Qb3 Qe4 41.a3 Rh8 42.Qd1 Rd8
43.c6 Rxd6 44.Qxd6 Qe1+ 45.Kg2 Qe4+ 46.Kf1 Qc4+ 47.Ke1 {#r} 1-0

[Event "4th Gligoric Cup 2017"]
[Site "Novi Banovci SRB"]
[Date "2017.05.27"]
[Round "3.6"]
[White "Manojlovic,Sa"]
[Black "Stikovic,D"]
[Result "0-1"]
[WhiteElo "2061"]
[BlackElo "2186"]

1.Nf3 d5 2.d4 Nf6 3.c4 e6 4.Nc3 Be7 5.Bf4 O-O 6.e3 c5 7.Bd3 dxc4 8.Bxc4 a6
9.a4 Nc6 10.O-O cxd4 11.exd4 Qb6 12.Qe2 Nxd4 13.Nxd4 Qxd4 14.Be5 Qg4 15.Rfd1
Qxe2 16.Bxe2 b6 17.Bf3 Ra7 18.Bd4 Bc5 19.Bxc5 bxc5 20.a5 Bb7 21.Be2 Bd5 22.Na4
Nd7 23.Rdc1 Rc8 24.Rc3 Kf8 25.Rac1 Rb8 26.h3 Ke7 27.Bf1 Kd6 28.Nxc5 Nxc5
29.Rxc5 Rxb2 30.Rc8 Ra2 31.R8c5 Rb7 32.Bxa6 Rbb2 33.Bc4 Bxc4 34.R1xc4 Rxf2
35.Rg5 g6 36.Rb4 h6 37.Rg3 Rf5 38.Rb6+ Ke7 39.a6 Ra1+ 40.Kh2 h5 41.h4 Rf4
42.Rc3 Rxh4+ 43.Kg3 Rg4+ 44.Kf3 Rga4 45.Rc7+ Kf6 46.Rbb7 R1a3+ 47.Kf2 Rf4+
48.Kg1 Rxa6 49.Rxf7+ Kg5 50.Rb5+ Rf5 {#R} 0-1

[Event "10th KIIT Elite Open 2017"]
[Site "Bhubaneswar IND"]
[Date "2017.05.29"]
[Round "6.17"]
[White "Aditya,Mittal"]
[Black "Murshed,N"]
[Result "1-0"]
[WhiteElo "2211"]
[BlackElo "2423"]

1.d4 d5 2.c4 e6 3.Nc3 Bb4 4.Nf3 Nf6 5.cxd5 exd5 6.Bg5 Nbd7 7.e3 c5 8.Be2 Qa5
9.O-O Bxc3 10.bxc3 Ne4 11.c4 Nc3 12.Qc2 Nxe2+ 13.Qxe2 dxc4 14.Qxc4 cxd4
15.Qxd4 O-O 16.Rac1 Nb6 17.Bf6 gxf6 18.Rc5 Qa3 19.Rh5 Re8 20.Qxf6 Re6 21.Rg5+
Kf8 22.Qg7+ Ke8 23.Nd4 Rg6 24.Re5+ Be6 25.Qxh7 Qd6 26.f4 Rf6 27.Qh8+ {#r} 1-0

[Event "ch-Flemish 2017"]
[Site "Ghent BEL"]
[Date "2017.05.25"]
[Round "2.1"]
[White "Piceu,T"]
[Black "De Waele,Warre"]
[Result "1-0"]
[WhiteElo "2363"]
[BlackElo "2070"]

1.d4 Nf6 2.c4 e6 3.Nf3 d5 4.Nc3 Bb4 5.Qa4+ Nc6 6.Bg5 h6 7.Bxf6 Qxf6 8.e3 O-O
9.Be2 a6 10.O-O dxc4 11.Bxc4 Bd6 12.Ne4 Qe7 13.Nxd6 cxd6 14.d5 Na7 15.Qa5 e5
16.Rac1 Bg4 17.Nd2 Rfc8 18.f3 Bf5 19.e4 Bd7 20.Bd3 Rxc1 21.Rxc1 Rc8 22.Rxc8+
Nxc8 23.Qc7 b5 24.a4 Qg5 25.Nf1 Bh3 26.g3 Qf6 27.Kf2 bxa4 28.Bxa6 Ne7 29.Ne3
g5 30.g4 h5 31.Bc8 Kg7 32.Qxe7 Qxe7 33.Nf5+ Kf6 34.Nxe7 Kxe7 35.Ba6 h4 36.Bb5
Kd8 37.Bxa4 Kc7 38.Be8 f6 39.Bb5 Kb6 40.Bf1 {#r} 1-0

[Event "36th Zalakaros Open 2017"]
[Site "Zalakaros HUN"]
[Date "2017.05.26"]
[Round "9.40"]
[White "Del Rey,D"]
[Black "Horvath,Dominik"]
[Result "0-1"]
[WhiteElo "2352"]
[BlackElo "2275"]

1.d4 Nf6 2.Nf3 d5 3.c4 e6 4.Nc3 Bb4 5.Bg5 dxc4 6.Qa4+ Nc6 7.a3 Bxc3+ 8.bxc3
Qd5 9.Bxf6 gxf6 10.Qc2 b5 11.e4 Qd7 12.a4 Ba6 13.axb5 Bxb5 14.Nd2 Rg8 15.g3 f5
16.Bg2 Kf8 17.O-O Re8 18.exf5 exf5 19.Bh3 Ne7 20.Ne4 Qc6 21.Nc5 Nd5 22.Bg2 Qd6
23.Rxa7 Nf4 24.gxf4 Rxg2+ {#R} 0-1

[Event "36th Zalakaros Open 2017"]
[Site "Zalakaros HUN"]
[Date "2017.05.24"]
[Round "7.28"]
[White "Swayams,M"]
[Black "Tica,Sven"]
[Result "1-0"]
[WhiteElo "2448"]
[BlackElo "2332"]

1.d4 Nf6 2.c4 e6 3.Nc3 d5 4.Nf3 c5 5.cxd5 Nxd5 6.e4 Nxc3 7.bxc3 cxd4 8.cxd4
Bb4+ 9.Bd2 Bxd2+ 10.Qxd2 O-O 11.Rc1 Nd7 12.Bd3 b6 13.O-O Bb7 14.Qe3 Rc8 15.e5
h6 16.Nd2 Nb8 17.Rxc8 Qxc8 18.Ne4 Qc6 19.Qg3 Kh8 20.Nd6 Ba6 21.Bxa6 Nxa6
22.Qa3 b5 23.Rc1 Qb6 24.Nxb5 Kg8 25.Nd6 Nb4 26.Nc4 Qb5 27.Nd6 Qb6 28.Nc4 Qb5
29.h3 Rc8 30.Qb3 a6 31.a4 Qb7 32.Rc3 Rb8 33.Nd6 Qd5 34.Rc4 Nc6 35.Qc3 Ne7
36.Rc7 Kf8 37.Rxe7 {#r} 1-0